| 000 | 01001nam a2200241 a 4500 | ||
|---|---|---|---|
| 005 | 20231013063632.0 | ||
| 008 | 080930s1991 mx r 000 0 spa d | ||
| 020 | _a9681204700 | ||
| 035 | _aUPN01000161652 | ||
| 049 | _aCG | ||
| 050 | 4 |
_aHD9014 M6 _bM3.4 |
|
| 100 | 1 |
_aMares, David R. _937868 |
|
| 245 | 1 | 3 |
_aLa irrupción del mercado internacional en México : _bconsideraciones teóricas y un estudio de caso / _cDavid R. Mares ; tr. Guillermina Cuevas Mesa. |
| 260 |
_aMéxico : _bEl Colegio de México, _c1991. |
||
| 300 |
_a343 p. : _bcuadros |
||
| 440 | 0 | _aCentro de Estudios Internacionales | |
| 534 |
_pTítulo original: _tPenetrating the international market. Theoretical considetations and a Mexican case study |
||
| 650 | 4 |
_aPRODUCTOS AGRICOLAS - _xCOMERCIO - _zMEXICO _924200 |
|
| 650 | 4 |
_aPRODUCTOS AGRICOLAS - _xCOMERCIO - _zESTADOS UNIDOS _924201 |
|
| 650 | 4 |
_aAgricultura y estado _zMéxico _92204 |
|
| 650 | 4 |
_aCOMPETENCIA ECONOMICA INTERNACIONAL - _zMEXICO _92284 |
|
| 905 | _aLibro | ||
| 999 |
_c133765 _d133765 |
||